LEADER 01046nam a2200265 i 4500 001 000000033985 003 CaOOAMICUS 005 20240404152355.0 008 070608s1958 it u000 u ita u 013 $a140 040 $aSeMil$bita 100 1 $aCamus, Albert,$d<1913-1960>.$0(OLS)http://semarc/name/4358 240 13$aLa chute.$0(OLS)http://semarc/title/437135 245 13$aLa caduta ; L'esilio e il regno /$cAlbert Camus. 264 1$aMilano :$bGarzanti,$c1958. 300 $a219 p. ;$c18 cm. 490 1 $aGarzanti per tutti ;$v62 730 22$al'exil et le royaume.$0(OLS)http://semarc/title/437136 830 0$aGarzanti per tutti ;$v62.$0(OLS)http://semarc/title/23755 850 $aSeMil 852 $aSeMil$W1$xVenegono$y1$m1W II 430$j247382$B140$CSeMilBibl$Z2$F140 $81 961 $aOmaggio: Biblioteca Seminario Duomo 996 $6245$aLa caduta ; L'esilio e il regno$9(OLS)http://semarc/title/45702 996 $6264$aMilano :$bGarzanti$9(OLS)http://semarc/publisher/29852 LEADER 00809nam a2200181 i 4500 001 000000213398 003 CaOOAMICUS 005 20120522000000.0 008 120522s1791 it u000 u ita u 013 $a192253 026 $a5.C. 4.co 6.6. (b(a (7) 1791 (R) 040 $aSeMil$bita 245 10$aTomo 2. 300 $a300, [4] p., [7] carte di tav. ripieg. :$bc. geogr. calcogr. 773 0 $aBarthélemy, Jean Jacques <1716-1795>$tViaggio d'Anacarsi il giovine nella Grecia verso la metà del quarto secolo avanti l'era volgare. Tradotto dal francese. Tomo primo [-12. ed ultimo].$dVenezia : Presso Antonio Zatta e figli, 1791-1793.$g2$w()26796 850 $aSeMil 852 $aSeMil$W1$xVenegono$y1$m1Z III 132 FA$j163828$B163828$CSeMilBibl$Z2$F174892 $8I 996 $6245$aTomo 2$9(OLS)http://semarc/title/49331